England Euro 2024 Squad By Shirt Numbers - Statistics

General Stats
  • This quiz has been taken 37 times
  • The average score is 13 of 26
Answer Stats
Shirt Number Player % Correct
1 Jordan Pickford
97%
5 John Stones
82%
10 Jude Bellingham
82%
2 Kyle Walker
82%
7 Bukayo Saka
79%
9 Harry Kane
79%
4 Declan Rice
67%
3 Luke Shaw
67%
11 Phil Foden
61%
26 Kobbie Mainoo
58%
6 Marc Guehi
58%
24 Cole Palmer
55%
8 Trent Alexander-Arnold
55%
12 Kieran Trippier
52%
13 Aaron Ramsdale
48%
25 Adam Wharton
36%
17 Ivan Toney
33%
16 Conor Gallagher
30%
23 Dean Henderson
30%
21 Eberechi Eze
30%
20 Jarrod Bowen
30%
19 Ollie Watkins
30%
18 Anthony Gordon
27%
15 Lewis Dunk
27%
14 Ezri Konsa
24%
22 Joe Gomez
21%
No matching quizzes found
Score Distribution
Percent of People with Each Score
Percentile by Number Answered
Your Score History
You have not taken this quiz